| 000 | 01487naa a22003857a 4500 | ||
|---|---|---|---|
| 001 | BR7804264 | ||
| 003 | BR-BrBNA | ||
| 005 | 20240918174116.0 | ||
| 007 | ta | ||
| 008 | 230509b bl.||||| |||| 00| 0 por d | ||
| 040 |
_aBR-BrBNA _bpor _cBiblioteca Nacional de Agricultura |
||
| 041 | _a(Pt) | ||
| 072 |
_aF00 _b1060 _b3540 _bG514 |
||
| 090 | _aF00 BR7804264 | ||
| 100 | 1 | _aSampaio, V.R. | |
| 100 | 1 | _aBarbin, D. | |
| 100 | 1 | _aTeofilo Sobrinho, J. | |
| 100 | 1 | _aPompeu Junior, J. | |
| 111 | 1 |
_a4. Congresso Brasileiro de Fruticultura _cSalvador, BA (Brazil) _d23 Jan 1977 |
|
| 245 | 1 | _aAlporquia em Citrus sinensis Osbeck [Laranja doce; Enxerto; Cordeiropolis; Sao Paulo; Brasil] | |
| 260 | 3 |
_aCruz das Almas, BA (Brasil): _c1978. |
|
| 500 | _aCunha Sobrinho, A.P. da; Matos, A.P. de (eds.) Anais do 4. Congresso Brasileiro de Fruticultura Cruz das Almas, BA (Brasil): 1978. p. 169-176 (BR7804264-AM)F00 | ||
| 650 | _aProducao vegetal | ||
| 650 | _aReproducao assexuada | ||
| 650 | _aLaranja doce | ||
| 650 | _aEnxerto | ||
| 650 | _aClone nucelar | ||
| 650 | _aEnraizamento de estaca | ||
| 650 | _aPorta enxerto | ||
| 650 | _aVariedade | ||
| 650 | _aSao Paulo | ||
| 773 | 0 |
_tAnais do 4. Congresso Brasileiro de Fruticultura _aCunha Sobrinho, A.P. da; Matos, A.P. de (eds.). Sociedade Brasileira de Fruticultura, Cruz das Almas, BA _wF00 BR7804264 _gCruz das Almas, BA (Brasil), 1978. p. 169-176 |
|
| 909 |
_a202404 _bLucia _c55 _dLucia Elande |
||
| 942 |
_cAM _2AGRIS |
||
| 999 |
_c308966 _d308966 |
||